000 00793cam a2200181 4500
001 J105805
008 000000n2000 000 0 eng u
035 _a(Sirsi) u105805
041 _aeng
050 _a333.332
_c18
100 _aCrane, Robert
245 4 _aThe home purchaser's reliance on the mortgage valuation
_ba thesis submitted in partial fulfilment of the requirements of the University of Westminster for the degree of Master of Philosophy, December 1998
260 _c2000
300 _av, 180p.
_c30cm.
520 _aThis thesis is an unpublished work and therefore cannot be photocopied without the author's permission.
690 _aPROPERTY-RESIDENTIAL PROPERTY-RESIDENTIAL PROPERTY FINANCE AND INVESTMENT-MORTGAGING RESIDENTIAL PROPERTY-MORTGAGE VALUATION
942 _n0
999 _c100475
_d100475